Encyclopedia of new media / (Record no. 14964)
[ view plain ]
| 000 -LEADER | |
|---|---|
| fixed length control field | 00603nam a22002052 4500 |
| 001 - CONTROL NUMBER | |
| control field | 0000003992 |
| 005 - DATE AND TIME OF LATEST TRANSACTION | |
| control field | 20151217161134.0 |
| 008 - FIXED-LENGTH DATA ELEMENTS--GENERAL INFORMATION | |
| fixed length control field | 070517s xx 000 0 eng d |
| 020 ## - INTERNATIONAL STANDARD BOOK NUMBER | |
| International Standard Book Number | 0761923829 : |
| Terms of availability | KES 11,200 |
| 040 ## - CATALOGING SOURCE | |
| Original cataloging agency | KABU |
| Transcribing agency | KABU |
| 050 #0 - LIBRARY OF CONGRESS CALL NUMBER | |
| Classification number | QA76.575 |
| Item number | .E53 |
| 245 10 - TITLE STATEMENT | |
| Title | Encyclopedia of new media / |
| Statement of responsibility, etc. | Steve Jones, editor. |
| 260 ## - PUBLICATION, DISTRIBUTION, ETC. (IMPRINT) | |
| Place of publication, distribution, etc. | London : |
| Name of publisher, distributor, etc. | Sage, |
| Date of publication, distribution, etc. | 2003. |
| 300 ## - PHYSICAL DESCRIPTION | |
| Extent | xi, 532 p. |
| 650 #0 - SUBJECT ADDED ENTRY--TOPICAL TERM | |
| Topical term or geographic name as entry element | Multimedia systems |
| Form subdivision | Encyclopedias. |
| -- | 0000154296 |
| 700 1# - ADDED ENTRY--PERSONAL NAME | |
| Personal name | Jones, Steve. |
| -- | 0000152582 |
| 908 ## - PUT COMMAND PARAMETER (RLIN) | |
| Put command parameter | 070517 |
| 950 ## - LOCAL HOLDINGS (RLIN) | |
| -- | 1 |
| Withdrawn status | Lost status | Source of classification or shelving scheme | Not for loan | Home library | Current library | Date acquired | Total Checkouts | Full call number | Barcode | Date last seen | Price effective from | Koha item type |
|---|---|---|---|---|---|---|---|---|---|---|---|---|
| Library of Congress Classification | Not For Loan | Kabarak, Main Campus | Kabarak, Main Campus | 17/12/2015 | QA76.575 .E53 | 009984 | 17/12/2015 | 17/12/2015 | Reference |